000 00473 a2200169 4500
003 Nust
005 20170207171611.0
040 _cNust
082 _a005.1
100 _aJamal Kayani, Usman. BESE-17
245 _aMobile Cloud for Collaborative Search BESE-17
_cUsman Jamal Kayani, Noor ul Islam, Muhammad Zeeshan Kahoot.
260 _aRawalpindi
_bMCS
_cMay 2015
300 _aix,78p.
538 _aAlmirah No 72 Shelf No 6
650 _aUG Projects
651 _aUG CS Projects
942 _cTHS
999 _c217704
_d217704